Statistics for Golden State Warriors Roster 2018

Click here to take the quiz!

General Stats

  • This quiz has been taken 15 times
  • The average score is 8 of 16

Answer Stats

Pos # Answer % Correct
G30Stephen Curry
100%
F23Draymond Green
86%
F`35Kevin Durant
86%
G11Klay Thompson
86%
G34Shaun Livingston
79%
G/F9Andre Iguodala
79%
C0DeMarcus Cousins
71%
F5Kevon Looney
64%
C15Damian Jones
43%
G4Quinn Cook
43%
F21Jonas Jerebko
36%
F2Jordan Bell
29%
G10Jacob Evans
14%
G1Damion Lee
14%
F28Alfonzo McKinnie
14%
F32Marcus Derrickson
0%

Score Distribution

Percentile by Number Answered

Percent of People with Each Score

Your Score History

You have not taken this quiz